| 000 | 00756nam a22002057a 4500 | ||
|---|---|---|---|
| 999 |
_c181148 _d181148 |
||
| 005 | 20210902152812.0 | ||
| 010 | _aB-741373 | ||
| 020 |
_a9788172010065 _c540.00 |
||
| 035 | _aB-741373 | ||
| 037 | _bGift | ||
| 082 | _a820.9 | ||
| 100 | _aDas, Sisir Kumar | ||
| 245 |
_aA history of Indian literature: _b1800-1910 western impact: Indian response / _cby Sisir Kumar Das |
||
| 260 |
_aNew Delhi _bSahitya Akademi _c2012 |
||
| 270 |
_aRabindra Bhawan, 35 Ferozeshah Road, _bNew Delhi _e110001 |
||
| 300 |
_axiii, 815p. _c24cm(Hb) |
||
| 500 | _aincludes index | ||
| 942 |
_2ddc _cEN _mDAS _h820.9 |
||